Strzelcy bramek w 5 kolejce fazy grupowej LM w sezonie 20/21 - Statystyki

Ogólne statystyki
  • Ten quiz został rozwiązany 28 razy
  • Średni wynik to 20 z 46
Statystyki odpowiedzi
Mecz Piłkarz % Poprawnych
Juventus - Dynamo Kijów 2:0 Ronaldo
93%
Manchester United - PSG 0:1 Neymar
85%
Manchester United - PSG 1:3 Neymar
85%
Monchengladbach - Inter 1:2 Lukaku
81%
Monchengladbach - Inter 1:3 Lukaku
81%
Juventus - Dynamo Kijów 3:0 Morata
74%
Sevilla - Chelsea 0:1 Giroud
70%
Sevilla - Chelsea 0:2 Giroud
70%
Sevilla - Chelsea 0:3 Giroud
70%
Sevilla - Chelsea 0:4 Giroud
70%
Monchengladbach - Inter 1:1 Plea
70%
Monchengladbach - Inter 2:3 Plea
70%
Dortmund - Lazio 1:1 Immobile
67%
Manchester United - PSG 1:1 Rashford
67%
Atletico Madryt - Bayern 1:0 Felix
63%
Ferencvaros - Barcelona 0:1 Griezmann
63%
Ferencvaros - Barcelona 0:3 Dembele
59%
Atletico Madryt - Bayern 1:1 Muller
56%
Olympique Marsylia - Olympiakos 1:1 Payet
48%
Olympique Marsylia - Olympiakos 2:1 Payet
48%
Juventus - Dynamo Kijów 1:0 Chiesa
44%
Basaksehir - RB Lipsk 0:1 Poulsen
44%
Liverpool - Ajax 1:0 Jones
37%
Basaksehir - RB Lipsk 0:2 Mukiele
37%
Basaksehir - RB Lipsk 1:3 Olmo
37%
Manchester United - PSG 1:2 Marquinhos
33%
Lokomotiv - Salzburg 1:2 Miranchuk
33%
Ferencvaros - Barcelona 0:2 Braithwaite
30%
Szachtar - Real Madryt 2:0 Solomon
30%
Monchengladbach - Inter 0:1 Darmian
26%
Szachtar - Real Madryt 1:0 Dentinho
26%
Dortmund - Lazio 1:0 Guerreiro
26%
Basaksehir - RB Lipsk 1:2 Kahveci
26%
Basaksehir - RB Lipsk 2:3 Kahveci
26%
Basaksehir - RB Lipsk 3:3 Kahveci
26%
Basaksehir - RB Lipsk 3:4 Sorloth
26%
Brugge - Zenit 2:0 Vanaken
22%
Krasnodar - Rennes 1:0 Berg
19%
Lokomotiv - Salzburg 0:1 Berisha
19%
Lokomotiv - Salzburg 0:2 Berisha
19%
Atalanta - Midtjylland 1:1 Romero
15%
Atalanta - Midtjylland 0:1 Scholz
7%
Lokomotiv - Salzburg 1:3 Adeyemi
4%
Olympique Marsylia - Olympiakos 0:1 Camara
4%
Brugge - Zenit 1:0 de Ketelaere
4%
Brugge - Zenit 3:0 Lang
4%
Nie znaleziono quizów pasujących do podanych kryteriów
Rozkład punktacji
Procent ludzi z każdym wynikiem
Percentyl według liczby udzielonych odpowiedzi
Twoja historia wyników
Nie rozwiązałeś tego quizu